| 000 | 00653nam a22002057a 4500 | ||
|---|---|---|---|
| 003 | CEME | ||
| 005 | 20210628204936.0 | ||
| 008 | 210126b xxu||||| |||| 00| 0 eng d | ||
| 020 | _a0-02-642749-4 | ||
| 040 | _c. | ||
| 082 | _a613.04 GLO | ||
| 100 |
_aGlosson, Linda R _972907 |
||
| 245 | _aCreative living | ||
| 250 | _a6TH | ||
| 260 |
_aNEW YORK _bMCGRAW HILL _c1997 |
||
| 300 | _a768P | ||
| 650 |
_aCREATIVE LIVING.HEALTH AND WELLNESS.RELATIONSHIP SKILLS.CHILD CARE AND DEVELOPMENT.FOOD NUTRITION AND WELLNESS.COOKING.CLOTHING AND TEXTILE.HOUSING AND LIVING SPACES _972908 |
||
| 700 |
_aMEEK, JANIS P,SMOCK, LINDA G _972909 |
||
| 942 |
_cBK _2ddc |
||
| 999 |
_c578873 _d578873 |
||